000 01704nam0a2200373 4500
001 RU\NLR\BIBL_A\012901169
005 20230310170521.0
010 _a978-5-00195-487-3
_95000
021 _aRU
_bКН-П-22-055091
_9КН-П-22-4781
035 _a(NLR Aleph) 012901169
035 _a(RuMoRGB)011181857
090 _a12581357
_c12581357
100 _a20221003d2022 a y0rusy50 ca
101 0 _arus
102 _aRU
105 _aa z 000ay
181 0 _ai
_baxxe
182 0 _an
200 1 _aМоя тёмная королева
_fКристина Тэ
203 _aТекст
_bвизуальный
_cнепосредственный
210 _aМосква
_cМанн, Иванов и Фербер
_d2022
215 _a346 с., [3] л. цв. ил.
_cил.
_d21
225 1 _aRed violet
_iТемный ретеллинг
225 1 _aYoung adult
330 _aМоя мать спасла чужого ребенка и годы спустя поплатилась за это жизнью. Ребенок вырос чудовищем, и стены башни не сумели его сдержать. Это история о девушке с золотыми волосами, неным ликом и черным сердцем. История моей сестры, моего врага, моей королевы. Это твоя история
333 _a16+
675 _a821.161.1-31
_v4
686 2 _aШ6(2=Р)8-445
700 0 _7ca
_8rus
_aКристина Тэ
_cпсевдоним
_9253480
_3RU\NLR\AUTH\770253536
942 _cBOOK
980 _aNB